000 00544nam a2200169 a 4500
001 000043427
005 20201002040913.0
008 131004s1989 dr 000 0 spa d
040 _aDO-SdBNP
_bspa
_cBNPHU
082 _axxx
_bxxx
100 1 _aLarrañaga, Ignacio
_953897
245 1 3 _aEl silencio de María. /
_cIgnacio Larrañaga.
260 _aSanto Domingo :
_bSusaeta,
_c1989.
300 _a252 p. ;
_c20 cm.
500 _aIncluye datos biográficos del autor
504 _aIncluye referencias bibliográficas y notas al pie de las páginas
999 _c42916
_d42916